| 000 | 00798nam a22002417a 4500 | ||
|---|---|---|---|
| 999 |
_c5820 _d5820 |
||
| 003 | AR-CdUCM | ||
| 008 | 190313b ||||| |||| 00| 0 spa d | ||
| 040 |
_aMUNICIPALIDAD PROVINCIAL DEL CUSCO _cBIBLIOTECA MUNICIPAL DEL CUSCO |
||
| 082 |
_a848.8 / _bF56 |
||
| 100 |
_aFlaubert, Gustavo _917241 |
||
| 245 | _aDos cuentos / | ||
| 260 |
_aMéxico : _bSecretaria de Educación Pública, _c1945. |
||
| 300 |
_avii, 81 páginas ; _c19 cm. |
||
| 440 |
_aBiblioteca Enciclopedica Popular _n83 _917242 |
||
| 500 | _aDonación de la familia Nieto | ||
| 505 | _aContenido: Un corazón sencillo -- Herodías. | ||
| 650 |
_aFrancia _91444 |
||
| 650 |
_aCuentos franceses _91817 |
||
| 650 |
_aSiglo XIX _9971 |
||
| 700 |
_aPerez Moreno, Jose (Introducción) _917243 |
||
| 942 |
_2ddc _cLIBROS |
||
| 945 | _araen | ||